Planning and monitoring of design work. (Record no. 100552)

MARC details
000 -LEADER
fixed length control field 00923cam a2200253 4500
008 - FIXED-LENGTH DATA ELEMENTS--GENERAL INFORMATION
fixed length control field 000000n2000 000 0 eng u
020 ## - INTERNATIONAL STANDARD BOOK NUMBER
International Standard Book Number 0582320291
035 ## - SYSTEM CONTROL NUMBER
System control number (Sirsi) u106410
050 ## - LIBRARY OF CONGRESS CALL NUMBER
Classification number 658.404
100 ## - MAIN ENTRY--PERSONAL NAME
Personal name Coles, E.J.
245 ## - TITLE STATEMENT
Title Planning and monitoring of design work.
260 ## - PUBLICATION, DISTRIBUTION, ETC.
Place of publication, distribution, etc. Harlow
Name of publisher, distributor, etc. Longman
Date of publication, distribution, etc. 2000
300 ## - PHYSICAL DESCRIPTION
Extent xii,194p. ; 24cm.
350 ## - PRICE (NR) (BK AM CF MU VM SE) [OBSOLETE]
Price 45.00
520 ## - SUMMARY, ETC.
Summary, etc. A practical guide describing how to plan and control the progress of design work, including how to integrate the input of a number of design specialists, in order to meet cost, time and quality objectives. Co-published with the Chartered Institute of Building
650 ## - SUBJECT ADDED ENTRY--TOPICAL TERM
Topical term or geographic name entry element BUILT ENVIRONMENT-CONSTRUCTION DESIGN
650 ## - SUBJECT ADDED ENTRY--TOPICAL TERM
Topical term or geographic name entry element DESIGN WORK
650 ## - SUBJECT ADDED ENTRY--TOPICAL TERM
Topical term or geographic name entry element PROCESS CONTROL
650 ## - SUBJECT ADDED ENTRY--TOPICAL TERM
Topical term or geographic name entry element DESIGN AND BUILD
650 ## - SUBJECT ADDED ENTRY--TOPICAL TERM
Topical term or geographic name entry element CONSTRUCTION INDUSTRY
690 ## - LOCAL SUBJECT ADDED ENTRY--TOPICAL TERM (OCLC, RLIN)
Topical term or geographic name as entry element Project management
9 (RLIN) 6261
700 ## - ADDED ENTRY--PERSONAL NAME
Personal name Barritt, C.M.H.
942 ## - ADDED ENTRY ELEMENTS (KOHA)
Suppress in OPAC 0
Holdings
Withdrawn status Lost status Source of classification or shelving scheme Damaged status Not for loan Home library Current library Shelving location Date acquired Cost, normal purchase price Total Checkouts Full call number Barcode Date last seen Date last checked out Copy number Cost, replacement price Price effective from Koha item type
    Dewey Decimal Classification     London London Books 10/10/2000 38.25 16 658.404 COL 30062165 06/08/2019 15/08/2007 1 38.25 06/08/2019 Book